Представление документа в формате MARC21

Поле Инд. ПП Название Значение
Тип записи a
Библиографический уровень m
001 Контрольный номер 98f045a7-f41e-4784-9280-65216bcaeb5b
005 Дата корректировки 20140703130632.2
008 Кодируемые данные 040923
020 c Цена, тираж б/ц
040 a Служба первич. каталог. НБ ТвГУ
041 a Код языка текста rus
080 a Индекс УДК 1(430)"18"(092)(043.3)
a Индекс УДК 1(470)(091)"18"(043.3)
a Индекс УДК 929Ницше
084 a Индекс другой классификации/Индекс ББК Ю3(4ГЕМ)61-63я031
a Индекс другой классификации/Индекс ББК Ю3(2)51я031
a Индекс другой классификации/Индекс ББК Ю3(2)61-63я031
090 a Полочн. индекс Ю3(4ГЕМ)
x Авторский знак Б90
100 1_ a Автор Буланов Владимир Владимирович
245 10 a Заглавие Ф. Ницше и русская экзистенциальная философия культуры
b Продолж. заглавия дис. ... канд. филос. наук : 09.00.03
c Ответственность Твер. гос. ун-т
260 0_ a Место издания Тверь
b Издательство Тверской государственный университет
c Дата издания 2004
300 a Объем 166 с.
500 a Примечание На правах рукоп.
502 a Примечание о диссертации Дис. (канд.) - Твер. гос. ун-т, 2004
504 a Библиография Библиогр.: с.151-166.
583 a Действие Получение впервые 361 23.09.2004
650 a Основная рубрика Ницше, Фридрих, о нем
650 a Основная рубрика Философия
x Основная подрубрика История
y Хронологическая подрубрика 19-20 вв.
z Географическая подрубрика Германия
z Географическая подрубрика Россия
650 a Основная рубрика Немецкая философия
650 a Основная рубрика Русская философия
650 a Основная рубрика Экзистенциализм
653 a Ключевые слова Бердяев, Николай Александрович, о нем
a Ключевые слова Диссертации
a Ключевые слова История философии
a Ключевые слова Немецкая философия
a Ключевые слова Ницше
a Ключевые слова Персоналии
a Ключевые слова Русская философия
a Ключевые слова Соловьев
a Ключевые слова Труды Тверского государственного университета
a Ключевые слова Философия
a Ключевые слова Шестов
a Ключевые слова Экзистенциализм
710 a Организация/ юрисдикция Тверской государственный университет
852 t Порядковый номер экземпляра 1
p Инвентарный номер б/н
888 a Бесплатные
930 a Новая/Ретро диссертации
a Новая/Ретро персоналии
952 p 361.2004 б/ц 1 б/н
c Вид литературы Дис н
954 a Дата поступления на обработку 20040928
999 a Подразделение 2 ч.з.